MARC details
| 000 -LEADER |
| fixed length control field |
01678cam a2200409 i 4500 |
| 001 - CONTROL NUMBER |
| control field |
200468169 |
| 003 - CONTROL NUMBER IDENTIFIER |
| control field |
TR-AnTOB |
| 005 - DATE AND TIME OF LATEST TRANSACTION |
| control field |
20260417100940.0 |
| 007 - PHYSICAL DESCRIPTION FIXED FIELD--GENERAL INFORMATION |
| fixed length control field |
ta |
| 008 - FIXED-LENGTH DATA ELEMENTS--GENERAL INFORMATION |
| fixed length control field |
260417s1975 enk 000 1 eng d |
| 010 ## - LIBRARY OF CONGRESS CONTROL NUMBER |
| LC control number |
73034767 |
| 020 ## - INTERNATIONAL STANDARD BOOK NUMBER |
| International Standard Book Number |
0586041613 |
| Qualifying information |
(paperback) |
| 035 ## - SYSTEM CONTROL NUMBER |
| System control number |
(CLU)4981772-ucladb-Voyager |
|
| System control number |
(OCoLC)00562671 |
| Canceled/invalid control number |
(OCoLC)977569314 |
|
| System control number |
(OCoLC)ocm00562671 |
|
| System control number |
(EXLNZ-01UCS_NETWORK)9913012780106531 |
|
| System control number |
(TR-AnTOB)200468169 |
| 040 ## - CATALOGING SOURCE |
| Original cataloging agency |
YNG |
| Language of cataloging |
eng |
| Description conventions |
rda |
| Transcribing agency |
YNG |
| Modifying agency |
OCLCQ |
| -- |
OCLCG |
| -- |
OCLCA |
| -- |
OCLCQ |
| -- |
CDS |
| -- |
OCLCO |
| -- |
OCLCF |
| -- |
UWO |
| -- |
NUI |
| -- |
OCL |
| -- |
OCLCO |
| -- |
OCLCQ |
| -- |
OCLCL |
| -- |
TR-AnTOB |
| 041 0# - LANGUAGE CODE |
| Language code of text/sound track or separate title |
İngilizce |
| 050 #4 - LIBRARY OF CONGRESS CALL NUMBER |
| Classification number |
PR6052.A46 |
| Item number |
V4 1975 |
| 090 ## - LOCALLY ASSIGNED LC-TYPE CALL NUMBER (OCLC); LOCAL CALL NUMBER (RLIN) |
| Classification number (OCLC) (R) ; Classification number, CALL (RLIN) (NR) |
PR6052.A46 |
| Local cutter number (OCLC) ; Book number/undivided call number, CALL (RLIN) |
V4 1975 |
| 100 1# - MAIN ENTRY--PERSONAL NAME |
| Personal name |
Ballard, J. G., |
| Dates associated with a name |
1930-2009 |
| Relator term |
author |
| Relator code |
aut |
| Authority record control number or standard number |
http://id.loc.gov/authorities/names/n79043442 |
| 9 (RLIN) |
90498 |
| 245 10 - TITLE STATEMENT |
| Title |
Vermilion sands / |
| Statement of responsibility, etc. |
J.G. Ballard. |
| 264 #1 - PRODUCTION, PUBLICATION, DISTRIBUTION, MANUFACTURE, AND COPYRIGHT NOTICE |
| Place of production, publication, distribution, manufacture |
St. Albans : |
| Name of producer, publisher, distributor, manufacturer |
Panther, |
| Date of production, publication, distribution, manufacture, or copyright notice |
1975. |
| 300 ## - PHYSICAL DESCRIPTION |
| Extent |
208 pages ; |
| Dimensions |
18 cm |
| 336 ## - CONTENT TYPE |
| Content type term |
text |
| Content type code |
txt |
| Source |
rdacontent |
| 337 ## - MEDIA TYPE |
| Media type term |
unmediated |
| Media type code |
n |
| Source |
rdamedia |
| 338 ## - CARRIER TYPE |
| Carrier type term |
volume |
| Carrier type code |
nc |
| Source |
rdacarrier |
| 490 0# - SERIES STATEMENT |
| Series statement |
Panther science fiction |
| 505 0# - FORMATTED CONTENTS NOTE |
| Formatted contents note |
The cloud-sculptors of coral D -- Prima belladonna -- The screen game -- The singing statues -- Cry hope, cry fury! -- Venus smiles -- Say goodbye to the wind -- Studio 5, the stars -- The thousand dreams of stellavista. |
| 650 #0 - SUBJECT ADDED ENTRY--TOPICAL TERM |
| Topical term or geographic name entry element |
Science fiction, English |
| 9 (RLIN) |
153503 |
| 655 #7 - INDEX TERM--GENRE/FORM |
| Genre/form data or focus term |
Science fiction |
| Source of term |
lcgft |
| Authority record control number |
http://id.loc.gov/authorities/genreForms/gf2014026529 |
| 9 (RLIN) |
153063 |
|
| Genre/form data or focus term |
Short stories |
| Source of term |
lcgft |
| Authority record control number |
http://id.loc.gov/authorities/genreForms/gf2014026542 |
| 9 (RLIN) |
153047 |
| 942 ## - ADDED ENTRY ELEMENTS (KOHA) |
| Source of classification or shelving scheme |
Library of Congress Classification |
| Koha item type |
Book |